Butlletí de Catalunya /
Descripción Física:
3 volums : periodicitat desconeguda ; 27 cm
Colección:
Publications d'Estat Català
Otros Autores:
Comité Central Séparatiste Catalan (Paris)
Materias:
Nacionalisme -- Catalunya -- Revistes
Idioma:
French , Catalán
MARC
| LEADER | 00000nas a2200000 a 4500 | ||
|---|---|---|---|
| 003 | Arxiu | ||
| 005 | 20260324175237.0 | ||
| 008 | 160829s1924192ufr px fre c | ||
| 040 | |a AGDB | ||
| 041 | |a fre |a cat | ||
| 080 | |a Revistes | ||
| 245 | |a Butlletí de Catalunya / |c edité par le Comité Central Séparatiste Catalan à Paris ; publications d'Estat Català | ||
| 260 | |a Paris : |b Comité Central Séparatiste Catalan à Paris |c 1924-[192-] | ||
| 300 | |a 3 volums : |b periodicitat desconeguda ; |c 27 cm | ||
| 310 | |a Periodicitat desconeguda | ||
| 362 | |a Núm. 1 (20 maig 1924)- | ||
| 490 | |a Publications d'Estat Català | ||
| 590 | |a Mensual. | ||
| 590 | |a Text en francès i en català | ||
| 650 | |a Nacionalisme |x Catalunya |x Revistes |9 47884 | ||
| 700 | |a Comité Central Séparatiste Catalan (Paris) |9 22958 | ||
| 710 | 2 | |9 56307 |a Comité Central Séparatiste Catalan à Paris | |
| 710 | 2 | |9 56308 |a Estat Català (Partit polític : 1922-1931) | |
| 866 | |a 1924 (1-3) | ||
| 901 | |a Arxiu | ||
| 942 | |n 1 |2 udc |c REV | ||
| 952 | |0 0 |1 0 |4 0 |7 1 |9 42388 |a Arxiu |b Arxiu |d 2016-12-01 |h Núm. 1 (maig 1924)-Núm. 3 (juliol 1924) |o Rev-2097 |p 27769 |r 2016-12-01 00:00:00 |w 2016-12-01 |y ARXIU | ||
| 999 | |c 44880 |d 44880 | ||